Statistics for Eurovision Host Cities

Click here to take the quiz!

General Stats

  • This quiz has been taken 58 times
  • The average score is 34 of 67

Answer Stats

YearCity% Correct
2023Liverpool
98%
2022Turin
94%
2019Tel Aviv
92%
2017Kyiv
90%
2021Rotterdam
90%
2018Lisbon
87%
2014Copenhagen
85%
2015Vienna
83%
2007Helsinki
81%
2013Malmö
81%
2010Oslo
81%
2016Stockholm
81%
2009Moscow
79%
2012Baku
77%
2011Düsseldorf
77%
2004Istanbul
75%
2002Tallinn
75%
2006Athens
73%
2008Belgrade
73%
2005Kyiv
73%
2003Riga
73%
2000Stockholm
71%
2001Copenhagen
67%
1995Dublin
58%
1994Dublin
56%
1997Dublin
54%
1999Jerusalem
50%
1996Oslo
50%
1998Birmingham
48%
1991Rome
46%
1956Lugano
44%
1969Madrid
44%
1990Zagreb
42%
1992Malmö
40%
1993Millstreet
40%
1975Stockholm
40%
1988Dublin
37%
1979Jerusalem
37%
1986Bergen
35%
1964Copenhagen
35%
1985Gothenburg
35%
1968London
35%
1984Luxembourg
35%
1970Amsterdam
33%
1987Brussels
33%
1981Dublin
33%
1971Dublin
33%
1966Luxembourg
33%
1973Luxembourg
33%
1962Luxembourg
31%
1978Paris
31%
1957Frankfurt am Main
29%
1983Munich
29%
1967Vienna
29%
1959Cannes
27%
1958Hilversum
27%
1960London
27%
1977London
27%
1963London
25%
1965Naples
25%
1980The Hague
25%
1974Brighton
23%
1961Cannes
23%
1982Harrogate
23%
1989Lausanne
23%
1976The Hague
23%
1972Edinburgh
21%

Score Distribution

Percentile by Number Answered

Percent of People with Each Score

Your Score History

You have not taken this quiz